|
|
|
|
| LEADER |
00000nam0a2200000 4500 |
| 001 |
262631 |
| 005 |
20231101233654.0 |
| 010 |
|
|
|a 5217004770
|
| 035 |
|
|
|a (RuTPU)RU\TPU\book\285614
|
| 090 |
|
|
|a 262631
|
| 100 |
|
|
|a 20140603d1988 km y0rusy50 ca
|
| 101 |
0 |
|
|a rus
|
| 102 |
|
|
|a RU
|
| 105 |
|
|
|a a z 001zy
|
| 200 |
1 |
|
|a История конструкций самолетов в СССР 1938-1950 гг. : материалы к истории самолетостроения
|f В. Б. Шавров
|
| 205 |
|
|
|a 2-е изд., испр.
|
| 210 |
|
|
|a Москва
|c Машиностроение
|d 1988
|
| 215 |
|
|
|a 568 с.
|c ил.
|
| 320 |
|
|
|a Библиогр.: с. 547-549.
|
| 320 |
|
|
|a Предметный указатель: с. 550-560.
|
| 320 |
|
|
|a Именной указатель: с. 561-564.
|
| 606 |
1 |
|
|a Самолетостроение в СССР
|x История
|2 stltpush
|3 (RuTPU)RU\TPU\subj\53609
|9 71778
|
| 610 |
1 |
|
|a самолеты
|
| 610 |
1 |
|
|a конструкции
|
| 610 |
1 |
|
|a 20 век
|
| 610 |
1 |
|
|a создание
|
| 610 |
1 |
|
|a эксплуатация
|
| 610 |
1 |
|
|a характеристика
|
| 675 |
|
|
|a 629.73.002(09)
|v 3
|
| 700 |
|
1 |
|a Шавров
|b В. Б.
|g Вадим Борисович
|
| 801 |
|
1 |
|a RU
|b 63413507
|c 20140603
|
| 801 |
|
2 |
|a RU
|b 63413507
|c 20150508
|g RCR
|
| 942 |
|
|
|c BK
|